| 000 | 00997cab a2200265 4500 | ||
|---|---|---|---|
| 001 | ABS46095 | ||
| 008 | 090401t1992 xxu||||| |||| 00| 0 eng d | ||
| 035 | _a(Sirsi) u56817 | ||
| 041 | _aeng | ||
| 100 | _aArmon-Jones, C.H. | ||
| 245 | _aUnderwriting property sales | ||
| 260 | _c1992 | ||
| 350 | _a0 | ||
| 490 |
_aJournal of Property Finance _v2(4) Spring 1992, 497-500(4) |
||
| 520 | _aExamines the service offered by Underwriting Property Services (UPS), how it works, the costs, attractions for users and the potential for sub-underwriting. UPS set up as a joint venture company between the Bank of Scotland and Drivers Jonas. (Adapted from Journal Abstract) | ||
| 650 | _aDRIVERS JONAS | ||
| 650 | _aPROPERTY SALES | ||
| 650 | _aSUB-UNDERWRITING | ||
| 650 | _aUNDERWRITING PROPERTY SERVICES | ||
| 650 | _aUNDERWRITING | ||
| 690 | _aPROPERTY-COMMERCIAL PROPERTY-COMMERCIAL PROPERTY FINANCE AND INVESTMENT | ||
| 690 |
_aInsurance _96249 |
||
| 942 | _n0 | ||
| 948 | _c04/03/1997 | ||
| 999 |
_c34684 _d34684 |
||